Missing Word: Film Sequels II Quiz Stats

 Plays Quiz Updated Jul 31, 2016

Challenge
Share
Tweet
Embed
Score 0/20 Timer 02:00
0 Plays Today
Hint Answer % Correct
The Lord of the Rings: The Two _____Towers
93.3%
Pirates of the Caribbean: Dead Man's ____Chest
90.3%
From ____ With LoveRussia
88.5%
Ace Ventura: When ____ CallsNature
86.8%
Finding ____Dory
81.6%
I ____ Know What You Did Last SummerStill
78.1%
The Hunger Games: ____ FireCatching
77.7%
Anchorman 2: The ____ ContinuesLegend
73.9%
Before ____Sunset
73.1%
Wall Street: ____ Never SleepsMoney
69.5%
Hint Answer % Correct
Terminator 2: ____ DayJudgment
69.3%
The ____ World: Jurassic Park IILost
66.3%
Captain America: The ____ SoldierWinter
58.7%
Mad Max 2: The Road ____Warrior
54.7%
Transformers: ____ of the FallenRevenge
54.6%
The Naked Gun 2 1/2: The ____ of FearSmell
46.5%
Ernest ____ ChristmasSaves
44.8%
Gremlins 2: The New ____Batch
42.2%
Bill & Ted's ____ Journey Bogus
41.5%
Exorcist II: The ____Heretic
8.8%

Today's Daily Dose

You're not logged in!

Compare scores with friends on all Sporcle quizzes.
Join for Free
OR
Log In

You Might Also Like...

Show Comments

Extras

Top Quizzes Today


Score Distribution

Your Account Isn't Verified!

In order to create a playlist on Sporcle, you need to verify the email address you used during registration. Go to your Sporcle Settings to finish the process.

Report this User

Report this user for behavior that violates our Community Guidelines.

Details: